000 00789nas a2200253 4500
001 BR9902908
003 BR-BrBNA
005 20231205101441.0
007 ta
008 230509b bl.|||p| |||| 00| 00por d
040 _aBR-BrBNA
_bpor
_cBiblioteca Nacional de Agricultura
041 _a(Pt)
072 _aQ02
100 1 _aCabrini, K.T.
100 1 _aGallo, C.R.
245 1 _aIdentificacao de leveduras no processo de fermentacao alcoolica em usina do Estado de Sao Paulo, Brasil
650 _aFermentacao Alcoolica
650 _aLevedo
650 _aContaminacao Bacteriana
650 _aSao Paulo
773 0 _tScientia Agricola (Brazil)
_xISSN 0103-9016
_g(Jan-Mar 1999), v. 56(1) p. 207-215
_wBR9902908
909 _a202311
_bLúcia
_c55
_dLúcia Elande
942 _2AGRIS
_n0
_cANA
999 _c161923
_d161923